| 000 | 00516nam a22001817a 4500 | ||
|---|---|---|---|
| 008 | 170612b xxu||||| |||| 00| p tur d | ||
| 020 | _a9789753902762 | ||
| 041 | _atur | ||
| 050 | _aPL248.B78 | ||
| 100 |
_9240 _aAbdulkadir Bulut |
||
| 245 |
_aÜlkemin Şiir Atlası Bütün Şiirleri _cAbdulkadir Bulut |
||
| 250 | _a2. baskı | ||
| 260 |
_aİstanbul _be Yayınları _cEkim 2010 |
||
| 300 | _a302 sayfa | ||
| 500 | _aSertifika No: 10763 2 adet mevcuttur. | ||
| 650 | 0 |
_9145 _aTürk Edebiyatı |
|
| 942 |
_2lcc _cBK |
||
| 999 |
_c173 _d169 |
||